00291nam a2200121Ia 4500008004100000041000900041082001700050100001600067245003000083260004000113300000800153650000800161230718s9999 xx 000 0 und d aEng. a346.8bRIZ-T aRizvi Aatir 0atransfer of property act  aPakistanbCivil law publisherc2013 a228 aLaw